Crisis del sistema y de las teorías en que se refleja la realidad social en El Salvador

Zapisane w:
Opis bibliograficzny
Korporacja: Universidad de El Salvador. Departamento de Filosofía
Format: Texto
Wydane: San Salvador: Asociación Salvadoreña de Sociología
Etykiety: Dodaj etykietę
Nie ma etykietki, Dołącz pierwszą etykiete!

MARC

LEADER 00000 a a2200000 04500
001 21281
003
040
090 |a 093003  
110 |a Universidad de El Salvador. Departamento de Filosofía  
245 |a Crisis del sistema y de las teorías en que se refleja la realidad social en El Salvador  
260 |a San Salvador:   |b Asociación Salvadoreña de Sociología  
300 |a 14 p.  
999 |c 9714  |d 9714